Liturgia fontal: misterio-celebración-vida
Guardat en:
| Autor principal: | |
|---|---|
| Format: | Llibre |
| Idioma: | espanyol |
| Publicat: |
Madrid
Palabra
2009
|
| Edició: | 2a. ed |
| Col·lecció: | Libros Palabra, 37
|
| Matèries: | |
| Etiquetes: |
Afegir etiqueta
Sense etiquetes, Sigues el primer a etiquetar aquest registre!
|
MARC
| LEADER | 00000cam a2200000 a 4500 | ||
|---|---|---|---|
| 001 | UCE6966 | ||
| 003 | CL-VaPUC | ||
| 008 | 150514e20090000sp |||||||||||||||||spa|d | ||
| 020 | |a 9788498402414 | ||
| 082 | 0 | 4 | |a 264.36 |b COR |2 21 |
| 100 | 0 | |a Corbon, Jean |e author |9 579684 | |
| 245 | 1 | 0 | |a Liturgia fontal: misterio-celebración-vida |
| 250 | |a 2a. ed | ||
| 300 | |a 266 p | ||
| 942 | |c BK | ||
| 945 | |d 20150514 13:01:00 |a arojas | ||
| 260 | |a Madrid |b Palabra |c 2009 | ||
| 650 | 7 | |a LITURGIA |2 CL-VaPUC |9 579685 | |
| 650 | 0 | |a Celebración |9 579686 | |
| 650 | 7 | |a MINISTERIO |2 CL-VaPUC |9 579687 | |
| 583 | |a last modification |c 20150514 13:01:00 |k Rodrigo Vera | ||
| 490 | 0 | |a Libros Palabra, 37 | |
| 999 | |c 359131 |d 359129 | ||
| 952 | |0 0 |1 0 |3 erd |4 0 |6 264_360000000000000_COR_2009 |7 0 |8 A |9 468170 |a BIBTEO |b BIBTEO |i 5149541 |o 264.36 COR 2009 |p 5149541 |r 2025-01-17 |w 2019-11-23 |y BK |z Catalogado en:20150514 |k ICR | ||